Geografía general : (Record no. 208737)

MARC details
000 -CABECERA
campo de control de longitud fija 00880nam a2200265 a 4500
003 - IDENTIFICADOR DEL NÚMERO DE CONTROL
campo de control MX-MxUPN
005 - FECHA Y HORA DE LA ÚLTIMA TRANSACCIÓN
campo de control 20240409063630.0
008 - ELEMENTOS DE LONGITUD FIJA--INFORMACIÓN GENERAL
campo de control de longitud fija 220701s1993 mx ab|||rb||| 000 0 spa d
020 ## - NÚMERO INTERNACIONAL NORMALIZADO PARA LIBROS
Número Internacional Estándar del Libro 9682448549
040 ## - FUENTE DE LA CATALOGACIÓN
Centro catalogador/agencia de origen MX-MxUPN
Lengua de catalogación spa
Centro/agencia transcriptor MX-MxUPN
041 0# - CÓDIGO DE IDIOMA
Código de lengua del texto/banda sonora o título independiente spa
050 14 - SIGNATURA TOPOGRÁFICA DE LA BIBLIOTECA DEL CONGRESO
Número de clasificación LB1653 M61
Número de documento/Ítem G47 1993
100 1# - ASIENTO PRINCIPAL--NOMBRE PERSONAL
Nombre de persona Andrade, Victoria,
Fechas asociadas al nombre 1917-2011
9 (RLIN) 28499
100 1# - ASIENTO PRINCIPAL--NOMBRE PERSONAL
Nombre de persona Valle Gómez, Héctor
9 (RLIN) 45215
100 1# - ASIENTO PRINCIPAL--NOMBRE PERSONAL
Nombre de persona Sánchez N., Homero
9 (RLIN) 45211
100 1# - ASIENTO PRINCIPAL--NOMBRE PERSONAL
Nombre de persona García Díaz, Natalia
9 (RLIN) 45196
245 10 - MENCIÓN DE TÍTULO
Título Geografía general :
Resto del título texto y actividades : primer grado
250 ## - MENCIÓN DE EDICIÓN
Mención de edición Segunda edición.
260 ## - PUBLICACIÓN, DISTRIBUCIÓN, ETC.
Lugar de publicación, distribución, etc. México, D.F. :
Nombre del editor, distribuidor, etc. Trillas,
Fecha de publicación, distribución, etc. 1993.
300 ## - DESCRIPCIÓN FÍSICA
Extensión 256 páginas :
Otras características físicas ilustraciones, mapas.
504 ## - NOTA DE BIBLIOGRAFÍA, ETC.
Nota de bibliografía, etc. Incluye referencias bibliográficas.
650 #4 - ASIENTO SECUNDARIO DE MATERIA - TERMINO TEMATICO
Término de materia o nombre geográfico como elemento de entrada Geografía
Subdivisión general Estudio y enseñanza (Secundaria)
9 (RLIN) 5961
650 #4 - ASIENTO SECUNDARIO DE MATERIA - TERMINO TEMATICO
Término de materia o nombre geográfico como elemento de entrada Geografía
Subdivisión de forma Libros de texto
9 (RLIN) 24506
942 ## - ELEMENTOS DE PUNTO DE ACCESO ADICIONAL (KOHA)
Fuente del sistema de clasificación o colocación Library of Congress Classification
Tipo de ítem Koha Libro
Holdings
Estado de retiro Estado de pérdida Fuente del sistema de clasificación o colocación Estado dañado No para préstamo Código de colección Localización permanente Ubicación/localización actual Ubicación en estantería Fecha de adquisición Clasificación Código de barras Fecha visto por última vez Precio válido a partir de Tipo de ítem Koha Número de copia
    Library of Congress Classification   Disponible (Préstamo en sala) Libros de texto Bib. Gregorio Torres Quintero Bib. Gregorio Torres Quintero Colecciones especiales Planta alta 01/07/2022 LB1653 M61 G47 1993 118096 01/07/2022 01/07/2022 Libro  
    Library of Congress Classification   Disponible (Préstamo en sala) Libros de texto Bib. Gregorio Torres Quintero Bib. Gregorio Torres Quintero Colecciones especiales Planta alta 01/07/2022 LB1653 M61 G47 1993 118097 01/07/2022 01/07/2022 Libro Ej. 2